|
|
|
|
| LEADER |
02034nam a2200277 a 4500 |
| 008 |
100105s2005 coub b 001 0 eng d |
| 020 |
|
|
|a 813090084x
|
| 020 |
|
|
|a 1588262898 (pbk. : alk. paper)
|
| 040 |
|
|
|a DLC
|c DLC
|d DLC
|d BD-DhAAL
|
| 082 |
0 |
0 |
|a 321/.009
|2 22
|
| 100 |
1 |
|
|a Opello, Walter C.
|
| 245 |
1 |
4 |
|a The nation-state and global order :
|b a historical introduction to contemporary politics /
|c Walter C. Opello, Jr., Stephen J. Rosow.
|
| 250 |
|
|
|a 2nd ed.
|
| 260 |
|
|
|a Boulder, Colo. :
|b Lynne Rienner Publishers ;
|a New Delhi :
|b Viva Books Pvt. Ltd.,
|c 2005.
|
| 300 |
|
|
|a xi, 319 p. :
|b maps ;
|c 23 cm.
|
| 504 |
|
|
|a Includes bibliographical references (p. [261]-297) and index.
|
| 505 |
0 |
|
|a Introduction : a historical approach to the state and global order -- The emergence of the territorial state -- The ancient Roman state : imperial rule -- The feudal "state" : indirect rule -- The medieval state : territorial sovereignty instituted -- The modern territorial state -- The absolute state : sovereignty unbound -- The liberal constitutional state : sovereignty popularized -- The antiliberal state : sovereignty particularized -- The managerial state : sovereignty rationalized -- Globalizing the territorial state -- The colonial state : sovereignty expanded -- The nation-state : sovereignty reimagined -- The postcolonial state : instituting sovereignty -- Challenges to the state -- The present state of states : sovereignty challenged -- Conclusion : a new global order?
|
| 541 |
1 |
|
|e 00014572
|
| 650 |
|
0 |
|a State, The.
|
| 650 |
|
0 |
|a State, The
|x Origin.
|
| 650 |
|
0 |
|a Comparative government.
|
| 700 |
1 |
|
|a Rosow, Stephen J.
|
| 852 |
4 |
|
|a Ayesha Abed Library
|j General shelf
|
| 999 |
|
|
|c 6711
|d 6711
|
| 952 |
|
|
|0 0
|1 0
|2 ddc
|4 0
|6 321_009000000000000_OPE_2005
|7 0
|9 6887
|a BRACUL
|b BRACUL
|c GEN
|d 2010-01-06
|l 1
|o 321.009 OPE
|p 3010014572
|r 2010-01-28
|s 2010-01-28
|t 1
|w 2010-01-06
|y BK
|
| 952 |
|
|
|0 0
|1 0
|2 ddc
|4 0
|6 321_009000000000000_OPE_2005
|7 0
|9 6888
|a BRACUL
|b BRACUL
|c GEN
|d 2010-01-06
|l 0
|o 321.009 OPE
|p 3010014201
|r 2010-01-06
|t 2
|w 2010-01-06
|y BK
|